000 00967nam a22002417a 4500
005 2009111306196.0
008 091113t xxu||||| |||| 00| 0 eng d
010 _aENG-95464
020 _a8175243732
_c500.00
035 _aEN-78997
037 _bDBAD/PUB
040 _aDPL
100 _aJain, Piyush
245 _aBasic anatomy and physiology of exercise
_c by Piyush Jain
260 _aNew Delhi
_bKhel Sahitya Kendra
_c2009
270 _a7/26, Ansari road, Darya Ganj
_bNew Delhi
_e110002
300 _a 261p.
_c22 cm.(Hb)
700 _aSunder, Prem
856 _uhttp://www.loc.gov/catdir/toc/ecip0721/2007025342.html
942 _2ddc
_cEN
_mJAI
999 _c31839
_d31839